| 000 | 00807nam a22002297a 4500 | ||
|---|---|---|---|
| 005 | 20160601150710.0 | ||
| 010 | _aBAC-1516EN07 | ||
| 020 |
_a9788121924504 _c550.00 |
||
| 035 | _aB-615485-503 | ||
| 037 |
_bPansy/Ven. _adpl |
||
| 082 | _a537.53 | ||
| 100 | _aMehta, V. K. | ||
| 245 |
_aPrinciples of electronics for B.E./B.Tech.& other engg. examinations / _cby V.K. Mehta [and] Rohit Mehta |
||
| 260 |
_aNew Delhi _bS. Chand _c2015(repr.) |
||
| 270 |
_a7361, Ram Nagar, _bNew Delhi _e110055 |
||
| 300 |
_axiv, 778p. : _c24cm(pbk) _bill. |
||
| 500 | _aIncludes index | ||
| 500 | _aSupply received revised price Rs. 550.00 | ||
| 700 | _aMehta, Rohit | ||
| 942 |
_2ddc _cEN _mMEH _h537.53 |
||
| 999 |
_c100156 _d100156 |
||